| 000 | 00654nam a22002297a 4500 | ||
|---|---|---|---|
| 999 |
_c4252 _d4252 |
||
| 001 | 4432 | ||
| 003 | BD-DhUAP | ||
| 005 | 20201202105702.0 | ||
| 008 | 201104t19951991ii 000 0 eng d | ||
| 020 | _a0028260902 | ||
| 040 |
_aBD-DhUAP _bEng _cBD-DhUAP _dBD-DhUAP |
||
| 082 | 0 | 0 |
_a500 SCI _223 |
| 245 | _aScience interactions. | ||
| 250 | _aTeacher edition. | ||
| 260 |
_aNew York : _bMacmillan, _cc1993. |
||
| 300 |
_axxviii, 708 pages : _billustrations ; _c27 cm. |
||
| 501 | _aStudy guide. | ||
| 650 | _aScience -- Study and teaching (Elementary) | ||
| 650 | _aScience -- Study and teaching (Secondary). | ||
| 710 | _aGlencoe. | ||
| 942 | 0 | 0 |
_2ddc _cBK |